| 000 | 02850nam a22003611 4500 | ||
|---|---|---|---|
| 005 | 20050808122104.0 | ||
| 008 | 721219s1962 nyu 000 0 eng | ||
| 010 | _aB-346928-938 | ||
| 020 |
_a9780007215300 _c295.00 |
||
| 020 |
_a9780007215300 _c295.00 |
||
| 035 | _aB-346928-938 | ||
| 037 | _bAakar Books | ||
| 040 |
_adpl _bEnglish |
||
| 082 | _aN | ||
| 100 | _aLow, Robert | ||
| 245 |
_aThe whale road / _cby Robert Low |
||
| 260 |
_aLondon _bHarper-Collins Publishers _c2007 |
||
| 270 |
_a77-85 Fullham Palace Road , Hammersmith _b London _eW6 8JB |
||
| 300 |
_a355p _c20 cm (pbk) |
||
| 942 |
_2ddc _cEN _hN _mLOW |
||
| 999 |
_c23790 _d23790 |
||